| 000 | 00760nam a22002177a 4500 | ||
|---|---|---|---|
| 999 |
_c58885 _d58885 |
||
| 005 | 20221013110747.0 | ||
| 008 | 221013s2021ge xxu||||| |||| 00| 0 ger d | ||
| 020 | _a 9783126071673 | ||
| 041 | _ager | ||
| 080 | _a811.112.2'373 P-64 | ||
| 100 |
_a Pilaski, Anna. _915314 |
||
| 245 |
_a Netzwerk neu : _bA2 : Testheft mit Audios / _c Anna Pilaski, Margret Rodi, Kirsten Althaus. |
||
| 264 |
_aStuttgart : _bErnst Klett Sprachen, _c 2021. |
||
| 300 |
_a 56 p.: _b Illustrationen, _c29 cm. |
||
| 440 |
_a Deutsch als Fremdsprache _915316 |
||
| 653 | _a Netzwerk neu :A2. Testheft mit Audios | ||
| 653 | _aგერმანული ენა | ||
| 700 |
_a Rodi, Margret _eAuthor _915315 |
||
| 700 |
_aAlthaus, Kirsten _eAuthor _915280 |
||
| 942 |
_2udc _cBK |
||